00630nam a2200241 a 4500001001300000003000900013005001700022008004100039020001000080082001300090100001500103245001500118260003100133300000900164500003500173505002800208650001400236700001500250902000800265942000700273952009300280999001500373nice12345678IN_TiNIC20260116011359.0050524s1926 laha grs 000 0 49g  ac10000a229bWHI aWhite, H U aApocrypha. aLahorebMasihi Pressc1926 a113p aincludes index and biblioraphy2 aHand Written Manuscript aApocrypha1 aWhite, H U bRBA cPS 00104070aHMIbHMId2007-06-21g100.00l0o229 WHIp4980r2007-06-21w2026-01-16yARB c1024d1024